000 00434cam a22001217a 4500
008 180718b1986 xxu||||| |||| 00| 0 eng d
082 _aA81x54 In2/71/9/PT6C
100 _aCensus of India 1971
245 _aKerala: survey reports on selected villages, Parassala village in Trivandrum district
260 _aDelhi
_bThe Controller of Publications
_c1986
300 _a128+p.
440 _aCensus of India 1971. Series-9, Kerala. Part VI-C
999 _c485242
_d485242